| 000 | 00387 a2200145 4500 | ||
|---|---|---|---|
| 020 | _a9780972751421 | ||
| 082 | _a621.3950285 | ||
| 090 |
_c7266 _d7266 |
||
| 100 | _aSteven M. Rubin | ||
| 245 |
_aComputer aids for VLSI design _cSteven M. Rubin |
||
| 250 | _a3rd ed. | ||
| 260 |
_aLexington _bR. L. Ranch Press _c1994 |
||
| 300 |
_aviii, 304p.: _bill.; _c25cm. |
||
| 942 |
_cBK _k621.3950285 RUB |
||
| 999 |
_c11069 _d11069 |
||